000 00682nam a2200241Ia 4500
003 OSt
005 20220926002456.0
006 a|||||r|||| 00| 0
007 ta
008 220923b |||||||| |||| 00| 0 eng d
037 _cGeneral Book
040 _aRTL
_cRTL
_beng
041 _2eng
_aeng
082 _aQ8441:33, L5
100 _aRay Niharranjan
_92477
245 0 _aSikh gurus and the sikh society
_b A study in socia
260 _a New Delhi
_bMunshiram Manoharlal India
_c1975
300 _axii, 142p
_ccm.
500 _aBib p. 129-34
650 _aSirhism
942 _hQ8441:33, L5
_cGB
_2CC
999 _c605175
_d605175